000 02309cam a22004934i 4500
003 PE-LiUPU
005 20250731172945.0
008 150623s1992 miua rb 000 0 eng d
020 _a0310531217
020 _a9780310531210
035 _a(Sirsi) i9780310531210
040 _aPE-LiUPU
_bspa
_cPE-LiUPU
_erda
049 _aPRUA
082 0 4 _a261.52
_bS61
_221
100 1 _aSmith, Donald K.,
_eautor.
245 1 0 _aCreating understanding :
_ba handbook for Christian communication across cultural landscapes /
_cDonald K. Smith.
264 1 _aMichigan :
_bZondervan Publishing House,
_c1992.
300 _a382 páginas :
_bilustraciones ;
_c25 centímetros
336 _atext
_2rdacontent
337 _aunmediated
_2rdamedia
338 _avolume
_2rdacarrier
504 _aBibliografía al final de cada capítulo.
505 0 _aKnowing where you are going -- Involve me, so I can understand -- A link in a long chain -- You Know what I mean -- Did I hear right? -- Knowing what you are doing -- Tell me what you know! -- The messenger and the message -- Images and reality: who really is the audience? -- How many audiences? -- Persuading yourself -- The signals we use -- Multiplying and extending the message -- When Less Is more -- What determines media effects? -- Hearing through other ears -- Patterns to shape communication -- Beliefs: the invisible filters -- Hearing what you want to hear -- Because I feel, I Know -- Change is not lonely -- Communicating for change -- Reacting to response.
526 _aSEG42
526 _aSEG41
526 _aSEG40
526 _aSEG39
526 _aP94
526 _aP87
526 _aP86
526 _aP85
526 _aP77
526 _aP76
526 _aP35
650 0 4 _aComunicación intercultural.
650 0 4 _aComunicación interpersonal.
_93021
650 0 4 _aComunicación
_xCristianismo.
942 _2ddc
_cBOOK
949 _a261.52 S61
_wDEWEY
_c1
_i44736
_lCCODEBUL1
_mBUL
_r0
_sY
_tBOOK
_u2015-6-24
_xTEOLOGIA
_PP35
_0COMPRA
_o.STAFF. Colección General
994 _aC0
_bPEPRU
596 _a1
999 _a261.52 S61
_wDEWEY
_c21602
_i44736
_f2021-11-10
_g5
_lCCODEBUL1
_mBUL
_r0
_sY
_tBOOK
_u2015-6-24
_xTEOLOGIA
_PP35
_0COMPRA
_o.STAFF. Colección Teología
_d21602
980 _81
_gALBERTO SANCHEZ Responsable de Automatización